Statistics for Top 10 most worshipped Ancient Egyptians Gods

Click here to take the quiz!

General Stats

  • This quiz has been taken 629 times
  • The average score is 5 of 10

Answer Stats

#Gods% Correct
#5RA
94%
#3OSIRIS
86%
#6HORUS
76%
#4ANUBIS
74%
#7THOTH
51%
#9SEKHMET
40%
#8HATHOR
38%
#1AMUN-Ra
37%
#10GEB
33%
#2MUT
10%

Score Distribution

Percentile by Number Answered

Percent of People with Each Score

Your Score History

You have not taken this quiz